| 000 | 00459nam a22001697a 4500 | ||
|---|---|---|---|
| 999 |
_c5059 _d5059 |
||
| 003 | OSt | ||
| 005 | 20181219183923.0 | ||
| 008 | 181219b ||||| |||| 00| 0 eng d | ||
| 040 | _cDLC | ||
| 082 |
_a821.6 _bH318S |
||
| 100 | _aHarrison, Susannah | ||
| 245 |
_aSongs In The Night: _bFor Evening Meditation / |
||
| 260 |
_aNew Jersey, USA : _bDawn Bible Student Association, |
||
| 300 | _a226 p.: | ||
| 650 |
_aMeditation _xSongs In The Night |
||
| 942 |
_2ddc _cBK |
||